000
00266nam a2200109Ia 4500
005
20251222140037.0
008
251222s1900||||xx |||||||||||||| ||spa||
082
_a
190.85/U61
245
0
_a
El Pensamiento en el Perú y América Latina
264
_b
UNMSM
942
_c
LIB
999
_c
3168
_d
3168